Top 10 najpopularniejszych twórców na YouTube - Statystyki

Ogólne statystyki
  • Ten quiz został rozwiązany 44 razy
  • Średni wynik to 5 z 10
Statystyki odpowiedzi
Twórców Ilość subskrypcji % Poprawnych
Karol Friz Wiśniewski 4.9mln
97%
Blowek 5.02mln
94%
reZigiusz 4.63mln
81%
Stuu 4.24mln
69%
SA Wardega 3.58mln
50%
Bazylland - Tractors & Excavators 6.97mln
44%
Naruciak 3.45mln
42%
AbstrachujeTV 3.38mln
28%
Step Records 3.82mln
17%
WB Kids International 5.22mln
14%
Nie znaleziono quizów pasujących do podanych kryteriów
Rozkład punktacji
Procent ludzi z każdym wynikiem
Percentyl według liczby udzielonych odpowiedzi
Twoja historia wyników
Nie rozwiązałeś tego quizu